[Event "Dortmund op-B"]
[Site "Dortmund"]
[Date "2004.07.26"]
[Round "4"]
[White "Buchwald, Dominik"]
[Black "Maszewski, Mario"]
[Result "1/2-1/2"]
[WhiteElo "1538"]
[BlackElo "1649"]
[PlyCount "40"]
[EventDate "2004.07.??"]
[EventType "swiss"]
[EventRounds "9"]
[EventCountry "GER"]
[SourceTitle "EXT 2006"]
[Source "ChessBase"]
[SourceDate "2005.11.24"]
[SourceVersion "1"]
[SourceVersionDate "2005.11.24"]
[SourceQuality "1"]

1. e4 c5 2. Nf3 Nc6 3. d4 cxd4 4. Nxd4 g6 5. Be3 Nf6 6. f3 Bg7 7. Nc3 Qa5 8. Nb3 Qd8 9. Qd2 0-0 10. 0-0-0 Re8 11. h4 Ne5 12. Bd4 Nc6 13. h5 Nxd4 14. Nxd4 Nxh5 15. g4 e5 16. Nde2 Nf6 17. Ng3 h6 18. Bc4 d5 19. Nxd5 Nxd5 20. Bxd5 Qg5 1/2-1/2

[Event "Dortmund op-B"]
[Site "Dortmund"]
[Date "2004.07.25"]
[Round "3"]
[White "Maszewski, Mario"]
[Black "Madalinski, Jakob"]
[Result "1/2-1/2"]
[WhiteElo "1649"]
[BlackElo "1472"]
[PlyCount "45"]
[EventDate "2004.07.??"]
[EventType "swiss"]
[EventRounds "9"]
[EventCountry "GER"]
[SourceTitle "EXT 2006"]
[Source "ChessBase"]
[SourceDate "2005.11.24"]
[SourceVersion "1"]
[SourceVersionDate "2005.11.24"]
[SourceQuality "1"]

1. Nf3 e6 2. d4 d5 3. c4 Nf6 4. Nc3 Bd6 5. Bg5 Be7 6. e3 h6 7. Bh4 0-0 8. Qc2 Nbd7 9. Bd3 dxc4 10. Bxc4 Nb6 11. Bb3 Nfd5 12. Bxe7 Qxe7 13. a3 Nxc3 14. Qxc3 Nd5 15. Qd3 c5 16. Bc2 f5 17. 0-0 Bd7 18. Ne5 Rfd8 19. Rfc1 cxd4 20. Qxd4 Qf6 21. Bb3 Be8 22. f4 Bf7 23. Rd1 1/2-1/2